| 000 | 00731nam a2200253 i 4500 | ||
|---|---|---|---|
| 001 | 105425 | ||
| 003 | ES-MaACL | ||
| 005 | 20250826060523.0 | ||
| 007 | t| | ||
| 008 | 060710s1980 fr ||||1| fre d | ||
| 020 | _a2-7186-0166-3 | ||
| 080 | _a323.33"18/19"(04) | ||
| 080 | _a330.85/.86(04) | ||
| 100 | 1 |
_aGorz, André. _959242 |
|
| 245 | 1 | 0 |
_aAdieux au prolétariat _b: au deláa du socialisme / _cAndré Gorz. |
| 260 |
_aParis : _bGalilée, _c1980. |
||
| 300 |
_a240 p. ; _c22 cm. |
||
| 490 | 1 | _aRC | |
| 650 | 7 |
_aClase trabajadora _2embne _9151811 |
|
| 650 | 1 | 7 |
_aSocialismo _2embne _917147 |
| 830 | 1 |
_aRC _9232724 |
|
| 852 |
_aES-MaACL _jAND-220 _z- Biblioteca Juan Andrade |
||
| 999 |
_c105425 _d105425 |
||